|
|
|
|
| LEADER |
00000nam a2200000 a 4500 |
| 001 |
vtls001366540 |
| 003 |
SK-MaSNL |
| 005 |
20260301115229.0 |
| 008 |
190927s1999 xo r 0 slo |
| 015 |
|
|
|a SNBI1999/02-01228
|
| 020 |
|
|
|a 8080571201
|
| 035 |
|
|
|a SNK000320222
|
| 035 |
|
|
|a urn:nbn:sk:snk-amkjod
|
| 035 |
|
|
|a urn:nbn:sk:snk-am003cy2
|
| 035 |
|
|
|a 95BE20F0-2102-4921-9FDB-27AB4C4CB241
|
| 040 |
|
|
|a SNK
|b slo
|c SNK
|e AACR2
|
| 041 |
0 |
|
|a slo
|
| 044 |
|
|
|a xo
|c SK
|
| 080 |
|
|
|a 658.7:340.133(094.5)
|2 1981
|
| 080 |
|
|
|a 340.133
|2 1981
|
| 110 |
1 |
|
|a Slovensko
|4 aut
|9 266955
|
| 240 |
1 |
0 |
|a Zákon o správe majetku štátu
|s 1999
|
| 245 |
1 |
0 |
|a Novelizovaný zákon o správe majetku štátu s dôvodovou správou v úplnom znení
|
| 260 |
|
|
|a Bratislava
|b Epos
|c 1999
|
| 300 |
|
|
|a [152] s.
|c 21 cm
|
| 648 |
|
7 |
|a 1999
|2 SNK
|9 266597
|
| 650 |
0 |
7 |
|a majetok štátu
|2 SNKPH
|9 16369
|
| 655 |
|
7 |
|a zákony
|2 SNKPH
|9 70186
|
| 655 |
|
7 |
|a príručky
|2 SNKPH
|9 74364
|
| 919 |
|
|
|a 80-8057-120-1
|
| 958 |
|
|
|a TL
|
| 999 |
|
|
|c 721349
|d 723279
|
| 952 |
|
|
|t P60, <03>, [BOOK], {603}
|a SNK
|b SNK
|y PREZ
|7 0
|p 17A0198558
|o snkSC 99026
|i snkKSP 6934/99
|0 0
|1 0
|4 0
|d 1999-06-24
|f 1
|l 0
|r 2025-09-18 00:00:00
|w 2026-02-23
|
| 952 |
|
|
|t P60, <04>, [BOOK], {604}
|a SNK
|b SNK
|y VYP
|7 0
|p 17A0198559
|o snkSC 99026 D1
|i snkKSP 6935/99
|0 0
|1 0
|4 0
|d 1999-06-24
|l 0
|r 2005-01-02 00:00:00
|w 2026-02-23
|